[Event "IECG CP.2005.P.00111"]
[Site "IECG email"]
[Date "2005.10.01"]
[Round "?"]
[White "Kluwe, Matthias"]
[Black "Crane, Robert"]
[Result "1-0"]
[WhiteElo "1440"]
[BlackElo "1208"]
[PlyCount "39"]
[EventDate "2005.10.01"]
[EventType "tourn (corr)"]
[EventRounds "6"]
[SourceTitle "Corr 2008"]
[Source "ChessBase"]
[SourceDate "2008.06.24"]
[SourceVersion "1"]
[SourceVersionDate "2008.06.24"]
[SourceQuality "1"]

1. Nf3 d5 2. d4 e6 3. g3 c5 4. Bg2 cxd4 5. 0-0 Nf6 6. Nxd4 e5 7. Nb3 Be6 8. Nc3 Be7 9. f4 e4 10. f5 Bc8 11. Bg5 a6 12. Bxf6 Bxf6 13. Qxd5 Bxc3 14. Qxe4+ Qe7 15. Qxe7+ Kxe7 16. bxc3 Nc6 17. Bxc6 bxc6 18. Rad1 f6 19. Rf4 Rd8 20. Re4+ 1-0

[Event "IECG CP-2005-P-00111"]
[Site "IECG email"]
[Date "2005.10.01"]
[Round "?"]
[White "Ribeiro, Rogerio"]
[Black "Crane, Robert"]
[Result "0-1"]
[WhiteElo "1894"]
[BlackElo "1208"]
[PlyCount "39"]
[EventDate "2005.??.??"]
[EventType "tourn (corr)"]
[EventRounds "6"]
[SourceTitle "Corr 2024"]
[Source "ChessBase"]
[SourceDate "2023.10.19"]
[SourceVersion "1"]
[SourceVersionDate "2023.10.19"]
[SourceQuality "1"]

1. d4 d5 2. c4 e6 3. Nf3 Nf6 4. Nc3 Be7 5. Bg5 Nbd7 6. e3 0-0 7. Qc2 c5 8. cxd5 Nxd5 9. Bxe7 Qxe7 10. Nxd5 exd5 11. Bd3 g6 12. dxc5 Nxc5 13. 0-0 Bg4 14. Be2 Rac8 15. Rad1 Ne6 16. Qa4 Bf5 17. Rxd5 a6 18. Re1 Ng5 19. Nxg5 Qxg5 20. Qd4 0-1

[Event "IECG TE.2004.P.01603 email"]
[Site "IECG email"]
[Date "2004.09.22"]
[Round "?"]
[White "Crane, Robert"]
[Black "Sadowski, Marek"]
[Result "0-1"]
[WhiteElo "1208"]
[BlackElo "1892"]
[PlyCount "46"]
[EventDate "2004.09.22"]
[EventType "tourn (corr)"]
[EventRounds "8"]
[SourceTitle "Corr 2008"]
[Source "ChessBase"]
[SourceDate "2008.06.24"]
[SourceVersion "1"]
[SourceVersionDate "2008.06.24"]
[SourceQuality "1"]

1. e4 c6 2. d4 d5 3. e5 Bf5 4. Nc3 e6 5. g4 Bg6 6. Nge2 c5 7. h4 h5 8. Nf4 Bh7 9. Nxh5 cxd4 10. Nb5 Nc6 11. Nxd4 Nge7 12. c3 Nxe5 13. Bb5+ N5c6 14. Bg5 Qd6 15. Bxe7 Bxe7 16. Nxg7+ Kd8 17. Nh5 Bg6 18. Bd3 Nxd4 19. cxd4 Qb4+ 20. Ke2 Qxb2+ 21. Ke3 e5 22. Bxg6 fxg6 23. Qf3 e4 0-1

[Event "IECG CP.2002.P.00069 email"]
[Site "IECG email"]
[Date "2002.10.01"]
[Round "?"]
[White "Crane, Robert"]
[Black "Flaherty, Kevin LP"]
[Result "0-1"]
[WhiteElo "1225"]
[BlackElo "2197"]
[PlyCount "23"]
[EventDate "2002.10.01"]
[EventType "tourn (corr)"]
[EventRounds "6"]
[EventCountry "ENG"]
[SourceTitle "Corr 2008"]
[Source "ChessBase"]
[SourceDate "2008.06.24"]
[SourceVersion "1"]
[SourceVersionDate "2008.06.24"]
[SourceQuality "1"]

1. d4 d5 2. c4 dxc4 3. Nf3 Nf6 4. e3 e6 5. Bxc4 c5 6. 0-0 a6 7. dxc5 Qxd1 8. Rxd1 Bxc5 9. a3 b5 10. Be2 Bb7 11. b4 Be7 12. Bb2 0-1

[Event "IECG QE.2001.0.00005"]
[Site "IECG email"]
[Date "2001.08.11"]
[Round "?"]
[White "Otero, Luis"]
[Black "Crane, Robert"]
[Result "0-1"]
[WhiteElo "1200"]
[BlackElo "1208"]
[PlyCount "34"]
[EventDate "2001.08.11"]
[EventType "tourn (corr)"]
[EventRounds "6"]
[SourceTitle "Corr 2008"]
[Source "ChessBase"]
[SourceDate "2008.06.24"]
[SourceVersion "1"]
[SourceVersionDate "2008.06.24"]
[SourceQuality "1"]

1. e4 c6 2. d4 d5 3. e5 Bf5 4. Nc3 e6 5. g4 Bg6 6. Nge2 c5 7. h4 h6 8. h5 Bh7 9. Be3 Qb6 10. dxc5 Bxc5 11. Bxc5 Qxc5 12. Nd4 Nc6 13. Nxc6 bxc6 14. f4 Qe3+ 15. Ne2 Rb8 16. b3 f6 17. Qd4 Qxd4 0-1